|
|
|
|
| LEADER |
00000nab a2200000uu 4500 |
| 001 |
vtls011442264 |
| 003 |
SK-MaSNL |
| 005 |
20260303123320.0 |
| 008 |
230213|1971 xo |||||||||||||||||slo| |
| 015 |
|
|
|a SNBRB
|
| 035 |
|
|
|a (urnnbn)urn:nbn:sk:snk:ar-0031z5
|
| 035 |
|
|
|a (uuid)023ce693-1209-4197-8301-9090dca1005d
|
| 035 |
|
|
|a urn:nbn:sk:snk-abcgbj
|
| 040 |
|
|
|a SNKBUCL
|b slo
|c SNKBUCL
|e AACR2
|
| 041 |
0 |
|
|a slo
|
| 044 |
|
|
|a xo
|c SK
|
| 100 |
1 |
|
|a Šimúth, Jozef,
|d 1936-
|4 aut
|9 198878
|
| 245 |
1 |
0 |
|a AKTIVITA POLYNUKLEOTIDFOSFORYLÁZY V METABOLIZME STREPTOMYCES AUREOFACIENS
|c Jozef Šimúth, Ján Zelinka
|
| 700 |
1 |
|
|a Zelinka, Ján,
|d 1922-2009
|4 aut
|9 198056
|
| 773 |
0 |
|
|t Biológia : časopis Slovenskej akadémie vied
|g Roč. 26, č. 3 (1971), s. 239-243
|
| 954 |
|
|
|a odborná, vedecká literatúra pôvodná (slovenská)
|2 lita
|
| 958 |
|
|
|a OND
|
| 958 |
|
|
|a EUIPO
|
| 958 |
|
|
|a article16
|
| 999 |
|
|
|c 1925133
|d 1927063
|